书目信息 |
| 题名: |
城市开放空间
|
|
| 作者: | 弗朗西斯 著 ;林广思 , 黄晓雪 , 吴安格 译 | |
| 分册: | ||
| 出版信息: | 北京 中国建筑工业出版社 2018.05 |
|
| 页数: | 93页 | |
| 开本: | 23cm | |
| 丛书名: | ||
| 单 册: | ||
| 中图分类: | TU984.11 | |
| 科图分类: | ||
| 主题词: | 城市空间--cheng shi kong jian--规划设计 | |
| 电子资源: | ||
| ISBN: | 978-7-112-21192-0 | |
| 000 | 01254nam0 2200301 450 | |
| 001 | 0100001958 | |
| 005 | 20190312114225.65 | |
| 010 | @a978-7-112-21192-0@dCNY35.00 | |
| 100 | @a20180530d2018 em y0chiy50 ea | |
| 101 | 1 | @achi@ceng |
| 102 | @aCN@b110000 | |
| 105 | @aak a 001yy | |
| 200 | 1 | @a城市开放空间@Acheng shi kai fang kong jian@e为使用者需求而设计@f(美) 马克·弗朗西斯著@g林广思, 黄晓雪, 吴安格译 |
| 210 | @a北京@c中国建筑工业出版社@d2018.05 | |
| 215 | @a93页@c图@d23cm | |
| 312 | @a英文题名取自封面 | |
| 320 | @a有书目 (第77-82页) 和索引 | |
| 330 | @a本书主要是实例研究, 通过分析精选出来的近年来较为成功的城市开敞空间设计案例, 深入剖析了开敞空间设计成功与失败的原因所在, 并介绍了科学规划与设计城市开敞空间的方法, 对规划设计从业人员具有极强的实用价值和参考价值。 | |
| 500 | 10 | @aUrban open space : designing for user needs@mChinese |
| 517 | 1 | @a为使用者需求而设计@Awei shi yong zhe xu qiu er she ji |
| 606 | 0 | @a城市空间@Acheng shi kong jian@x规划设计 |
| 690 | @aTU984.11@v5 | |
| 701 | 1 | @a弗朗西斯@Afu lang xi si@g(Francis, Mark)@4著 |
| 702 | 0 | @a林广思@Alin guang si@4译 |
| 702 | 0 | @a黄晓雪@Ahuang xiao xue@4译 |
| 702 | 0 | @a吴安格@Awu an ge@4译 |
| 801 | 0 | @aCN@c20180910 |
| 905 | @a河南城建学院图书馆@dTU984.11@eF597 | |
| 城市开放空间:为使用者需求而设计/(美) 马克·弗朗西斯著/林广思, 黄晓雪, 吴安格译.-北京:中国建筑工业出版社,2018.05 |
| 93页:图;23cm |
| ISBN 978-7-112-21192-0:CNY35.00 |
| 本书主要是实例研究, 通过分析精选出来的近年来较为成功的城市开敞空间设计案例, 深入剖析了开敞空间设计成功与失败的原因所在, 并介绍了科学规划与设计城市开敞空间的方法, 对规划设计从业人员具有极强的实用价值和参考价值。 |
| ● |
| 相关链接 |
|
|
|
正题名:城市开放空间
索取号:TU984.11/F597
 
预约/预借
| 序号 | 登录号 | 条形码 | 馆藏地/架位号 | 状态 | 备注 |
| 1 | 1244496 | 212444960 | 建筑库201/201建筑库 62排3列2层/ [索取号:TU984.11/F597] | 在馆 | |
| 2 | 1403931 | 214039315 | 建筑库201/201建筑库 62排3列2层/ [索取号:TU984.11/F597] | 在馆 | |
| 3 | 1403932 | 214039324 | 建筑与城市规划学院资料室/201建筑库 64排5列5层/ [索取号:TU984.11/F597] | 在馆 |